00492 2200193 4500001002100000005001500021008004100036020002200077035001900099041000700118082001000125090001000135100002100145245002000166260003500186300003400221500001100255650003200266INLIS00000000000546820241224113115241224||||||||| | ||| |||| || |  a978-602-9329-36-0 0010-1224005468 aid0 a741.5 a741.50 aANANDEIVE AMANDA00aCute Matryoshka aBandungbMuffin Graphicsc2013 a23,5x15,5 cm, 80 hlm.; ilus.: aCet. 1 0aILMU KESENIAN -- komik anak